[Event "Eastern Ontario op"]
[Site "Ottawa CAN"]
[Date "2004.06.06"]
[Round "4"]
[White "Pacey, Kevin"]
[Black "Laszlo, Robert"]
[Result "1-0"]
[WhiteElo "2201"]
[BlackElo "1879"]
[PlyCount "105"]
[GameId "2160767911096284"]
[EventDate "2004.06.05"]
[EventType "swiss"]
[EventRounds "5"]
[EventCountry "CAN"]

1. e4 e5 2. Nf3 Nc6 3. Bb5 Nd4 4. Nxd4 exd4 5. O-O Bc5 6. d3 Ne7 7. Nd2 O-O 8. Qh5 Bb6 9. Nf3 c6 10. Ba4 f6 11. Bb3+ d5 12. Re1 Be6 13. e5 g6 14. Qh6 Nf5 15. Qf4 fxe5 16. Qxe5 Bf7 17. Bg5 Qc7 18. Qxc7 Bxc7 19. g4 Ng7 20. Be7 Rfe8 21. Nxd4 Bb6 22. Bf6 Ne6 23. Ne2 Nc5 24. Ng3 Be6 25. g5 Nd7 26. Bc3 Kf7 27. Kg2 Rf8 28. Re2 Nc5 29. d4 Nd7 30. Bb4 Rfe8 31. c3 Bd8 32. f4 Bc7 33. Kf3 a5 34. Ba3 b5 35. Bc2 Rab8 36. b3 b4 37. Bb2 Re7 38. f5 Bxf5 39. Rxe7+ Kxe7 40. Nxf5+ gxf5 41. Bxf5 Rf8 42. Kg4 h5+ 43. gxh6 Nf6+ 44. Kh4 Rh8 45. Re1+ Kf7 46. Be6+ Kf8 47. Kg5 Ne4+ 48. Kg6 Bf4 49. h7 Ng5 50. Bg8 Bd2 51. Rf1+ Ke7 52. cxb4 axb4 53. Kg7 1-0

[Event "Eastern Ontario op"]
[Site "Ottawa CAN"]
[Date "2004.06.06"]
[Round "5"]
[White "Mai, Lloyd"]
[Black "Pacey, Kevin"]
[Result "0-1"]
[WhiteElo "1898"]
[BlackElo "2201"]
[PlyCount "108"]
[GameId "2160767911096285"]
[EventDate "2004.06.05"]
[EventType "swiss"]
[EventRounds "5"]
[EventCountry "CAN"]

1. e4 Nc6 2. d4 e5 3. d5 Nce7 4. c4 Ng6 5. Nc3 Bc5 6. Na4 Bb4+ 7. Bd2 Bxd2+ 8. Qxd2 Nf6 9. Nc3 d6 10. Nge2 a5 11. Nc1 Nd7 12. Nd3 b6 13. Be2 Nc5 14. Nxc5 bxc5 15. O-O-O Qf6 16. Rdf1 Qf4 17. g3 Qxd2+ 18. Kxd2 Bh3 19. Re1 f5 20. Bf1 Bxf1 21. Rhxf1 fxe4 22. Nxe4 Kd7 23. Ng5 c6 24. Ne6 cxd5 25. cxd5 Ne7 26. Nxg7 Nxd5 27. f4 exf4 28. gxf4 Rag8 29. Nh5 Rg4 30. Rg1 Rh4 31. Rg5 Nxf4 32. Nxf4 Rxf4 33. Re2 Rhf8 34. Reg2 Rf2+ 35. Kd3 Ke6 36. Kc4 R8f4+ 37. Kb5 Rb4+ 38. Kxa5 Rbxb2 39. Rxf2 Rxf2 40. Rh5 Rxa2+ 41. Kb5 Rd2 42. Rxh7 Kd5 43. Rh5+ Kd4 44. Kc6 Kc4 45. h4 Rd4 46. Rh8 Kd3 47. h5 c4 48. Rg8 c3 49. h6 c2 50. Rg1 Rc4+ 51. Kxd6 c1=Q 52. Rxc1 Rxc1 53. Ke5 Rh1 54. Kf6 Rxh6+ 0-1

[Event "Echiquier Royal 16 ann."]
[Site "Gatineau CAN"]
[Date "2004.09.10"]
[Round "1"]
[White "Gagnon, Fabien"]
[Black "Pilon, Robert"]
[Result "1-0"]
[WhiteElo "2041"]
[BlackElo "1532"]
[PlyCount "63"]
[GameId "2160767911069335"]
[EventDate "2004.09.10"]
[EventType "swiss"]
[EventRounds "5"]
[EventCountry "CAN"]

1. e4 e6 2. d4 d5 3. Nd2 dxe4 4. Nxe4 Nd7 5. Nf3 Ngf6 6. Bg5 h6 7. Bxf6 Nxf6 8. Bd3 Be7 9. Qe2 b6 10. O-O Bb7 11. Ng3 O-O 12. Rad1 Qd5 13. c4 Qa5 14. d5 Nxd5 15. cxd5 Bxd5 16. Be4 Rad8 17. Bxd5 Rxd5 18. Rxd5 Qxd5 19. b3 Rd8 20. Qe4 c6 21. Qxd5 Rxd5 22. Rc1 c5 23. Kf1 e5 24. Ke2 e4 25. Nxe4 f5 26. Nc3 Rd6 27. Rd1 Re6+ 28. Kd3 a6 29. a4 Bf6 30. Nd5 Rd6 31. Kc4 Kf7 32. Re1 1-0

[Event "Echiquier Royal 16 ann."]
[Site "Gatineau CAN"]
[Date "2004.09.17"]
[Round "2"]
[White "Thibault, Mario"]
[Black "Gagnon, Fabien"]
[Result "0-1"]
[WhiteElo "1643"]
[BlackElo "2041"]
[PlyCount "98"]
[GameId "2160767911069336"]
[EventDate "2004.09.10"]
[EventType "swiss"]
[EventRounds "5"]
[EventCountry "CAN"]

1. Nf3 c5 2. g3 Nc6 3. Bg2 g6 4. O-O Bg7 5. d3 Nf6 6. e4 O-O 7. c3 e5 8. a4 d6 9. Nbd2 h6 10. Nc4 Be6 11. Qe2 a6 12. Bd2 Rb8 13. Ne3 d5 14. exd5 Nxd5 15. Nxd5 Bxd5 16. Be3 b6 17. Qd2 Kh7 18. Rfe1 Qd7 19. Qc2 Rfe8 20. c4 Be6 21. Red1 a5 22. Ne1 Rbd8 23. Be4 Rf8 24. Bg2 Bg4 25. Rdc1 Nb4 26. Qd2 Nxd3 27. Nxd3 Qxd3 28. Qxd3 Rxd3 29. Re1 Rfd8 30. Rab1 Bf5 31. Rbc1 Be6 32. Be4 R3d6 33. h4 f5 34. Bc2 Bf6 35. b3 Kg7 36. Rcd1 Rxd1 37. Rxd1 Rxd1+ 38. Bxd1 g5 39. hxg5 hxg5 40. Kg2 f4 41. gxf4 exf4 42. Bd2 Bd4 43. Bc2 Kf6 44. Bd1 Bf5 45. Be1 Be4+ 46. Kf1 Bd3+ 47. Kg1 Ke5 48. Kg2 Be4+ 49. Kf1 Bb2 0-1

[Event "Echiquier Royal 16 ann."]
[Site "Gatineau CAN"]
[Date "2004.09.25"]
[Round "3"]
[White "Gagnon, Fabien"]
[Black "Laurin, Jacques"]
[Result "0-1"]
[WhiteElo "2041"]
[BlackElo "1878"]
[PlyCount "98"]
[GameId "2160767911069337"]
[EventDate "2004.09.10"]
[EventType "swiss"]
[EventRounds "5"]
[EventCountry "CAN"]

1. Nf3 d6 2. d4 Nf6 3. g3 Bg4 4. Bg2 e6 5. c4 Nbd7 6. Nc3 c6 7. O-O Be7 8. e4 Nb6 9. b3 d5 10. e5 Ne4 11. Qd3 Bf5 12. Qe3 Nxc3 13. Qxc3 dxc4 14. bxc4 Be4 15. Be3 Qc7 16. Qa5 Qd7 17. Rac1 Bd3 18. Rfd1 Nxc4 19. Qc3 Nxe3 20. fxe3 Be4 21. Nd2 Bxg2 22. Kxg2 h5 23. e4 h4 24. g4 h3+ 25. Kh1 Bg5 26. Rc2 Rh4 27. Nc4 Be7 28. Qg3 g5 29. Nd6+ Bxd6 30. exd6 f6 31. e5 Qh7 32. Re2 f5 33. gxf5 Qxf5 34. Rf2 Qe4+ 35. Qf3 O-O-O 36. Qxe4 Rxe4 37. Rf3 g4 38. Rf6 Re8 39. Rf7 Kb8 40. Re7 Rf8 41. Kg1 Re2 42. Rxe6 g3 43. Rf6 Rg2+ 44. Kh1 Rxh2+ 45. Kg1 Rg2+ 46. Kh1 Rxf6 47. exf6 Rf2 48. Re1 Kc8 49. Kg1 Rxf6 0-1

[Event "Echiquier Royal ferme"]
[Site "Gatineau CAN"]
[Date "2004.02.27"]
[Round "2"]
[White "Dagenais, Benoit"]
[Black "Gagnon, Fabien"]
[Result "0-1"]
[WhiteElo "1300"]
[BlackElo "2070"]
[PlyCount "38"]
[GameId "2160767911183725"]
[EventDate "2004.02.21"]
[EventType "swiss"]
[EventRounds "5"]
[EventCountry "CAN"]

1. e4 e6 2. d4 d5 3. Nc3 Bb4 4. f3 dxe4 5. fxe4 Qh4+ 6. g3 Qxe4+ 7. Be2 Qxh1 8. Kf2 Qxh2+ 9. Kf1 Nf6 10. Nf3 Qh1+ 11. Ng1 Bxc3 12. bxc3 Bd7 13. Bf3 Bb5+ 14. Ke1 Qxg1+ 15. Kd2 Qf2+ 16. Qe2 Ne4+ 17. Kd1 Bxe2+ 18. Bxe2 Qg1+ 19. Bf1 Qxf1# 0-1

[Event "Echiquier Royal ferme"]
[Site "Gatineau CAN"]
[Date "2004.03.05"]
[Round "3"]
[White "Gagnon, Fabien"]
[Black "Rose, Richard"]
[Result "1-0"]
[WhiteElo "2070"]
[BlackElo "1887"]
[PlyCount "61"]
[GameId "2160767911183726"]
[EventDate "2004.02.21"]
[EventType "swiss"]
[EventRounds "5"]
[EventCountry "CAN"]

1. d4 Nf6 2. Nf3 e6 3. g3 b6 4. Bg2 Bb7 5. O-O d5 6. c4 Bd6 7. Qc2 Nbd7 8. b3 O-O 9. Bb2 c6 10. Nbd2 Qc7 11. Rac1 Rac8 12. e4 dxe4 13. Nxe4 Nxe4 14. Qxe4 c5 15. Qh4 f6 16. Rcd1 Rfe8 17. Qg4 Kh8 18. Rfe1 Nf8 19. Qh5 Ng6 20. Bh3 Nf8 21. d5 Re7 22. Nh4 Rce8 23. dxe6 Kg8 24. Nf5 Rxe6 25. Rxe6 Rxe6 26. Nxd6 Rxd6 27. Re1 Qc6 28. f3 Rd2 29. Re7 Rd1+ 30. Kf2 Qd6 31. Qf7+ 1-0

[Event "Echiquier Royal ferme"]
[Site "Gatineau CAN"]
[Date "2004.03.12"]
[Round "4"]
[White "Paquette, Jean-Guy"]
[Black "Gagnon, Fabien"]
[Result "0-1"]
[WhiteElo "1400"]
[BlackElo "2070"]
[PlyCount "50"]
[GameId "2160767911183727"]
[EventDate "2004.02.21"]
[EventType "swiss"]
[EventRounds "5"]
[EventCountry "CAN"]

1. e4 c5 2. Nc3 Nc6 3. g3 g6 4. Bg2 Bg7 5. d3 d6 6. Be3 Nf6 7. Nge2 O-O 8. O-O Ng4 9. Bg5 f6 10. Bc1 Nd4 11. f4 f5 12. Kh1 e5 13. exf5 gxf5 14. Nd5 Bd7 15. c3 Nxe2 16. Qxe2 Bc6 17. Bf3 Re8 18. Qg2 Qd7 19. h3 Nh6 20. fxe5 dxe5 21. Bxh6 e4 22. dxe4 fxe4 23. Bxe4 Rxe4 24. Bxg7 Bxd5 25. c4 Rxc4 0-1

[Event "Echiquier Royal ferme"]
[Site "Gatineau CAN"]
[Date "2004.03.19"]
[Round "5"]
[White "Arsenault, Michel"]
[Black "Gagnon, Fabien"]
[Result "1-0"]
[WhiteElo "2023"]
[BlackElo "2070"]
[PlyCount "67"]
[GameId "2160767911183728"]
[EventDate "2004.02.21"]
[EventType "swiss"]
[EventRounds "5"]
[EventCountry "CAN"]

1. c4 Nf6 2. g3 e6 3. Nf3 c5 4. Bg2 d5 5. b3 Be7 6. O-O O-O 7. Bb2 Nc6 8. e3 b6 9. Nc3 Ba6 10. d3 Rc8 11. a3 Qd7 12. cxd5 exd5 13. Re1 Rfd8 14. e4 dxe4 15. dxe4 Qe6 16. Nd5 Nxe4 17. Ng5 Bxg5 18. Bxe4 Qh6 19. Qg4 Nd4 20. Rad1 Bb7 21. Bxd4 cxd4 22. Ne7+ Bxe7 23. Bxb7 Rc7 24. Rxd4 Rxd4 25. Qxd4 Bf8 26. Bd5 Rc1 27. Bxf7+ Kxf7 28. Qd5+ Kg6 29. Qe6+ Kg5 30. Qxh6+ Kxh6 31. Rxc1 Bxa3 32. Ra1 Bc5 33. Rxa7 Kg6 34. Kf1 1-0

[Event "Edmonton"]
[Site "Edmonton CAN"]
[Date "2004.04.09"]
[Round "1"]
[White "Grumic, Sasha"]
[Black "Gardner, Robert"]
[Result "0-1"]
[WhiteElo "2180"]
[BlackElo "2260"]
[PlyCount "94"]
[GameId "2160767911166799"]
[EventDate "2004.04.09"]
[EventType "tourn"]
[EventRounds "7"]
[EventCountry "CAN"]
[SourceTitle "EXT 2006"]
[Source "ChessBase"]
[SourceDate "2005.11.24"]
[SourceVersion "1"]
[SourceVersionDate "2005.11.24"]
[SourceQuality "1"]

1. e4 c5 2. Nf3 d6 3. d4 cxd4 4. Nxd4 Nf6 5. Nc3 a6 6. Bc4 e6 7. Bb3 Nbd7 8. f4 Nc5 9. f5 Nxb3 10. axb3 b5 11. Qf3 Bd7 12. g4 b4 13. g5 bxc3 14. gxf6 cxb2 15. Bxb2 Qxf6 16. O-O-O e5 17. Kb1 a5 18. Ne2 a4 19. Nf4 axb3 20. cxb3 Bc6 21. Rc1 Qxf5 22. Rxc6 Qxf4 23. Qd3 Be7 24. Rc7 Qh4 25. Qb5+ Kf8 26. Qb7 Re8 27. Ba3 Qf6 28. Rc8 Qe6 29. Rhc1 f5 30. Rxe8+ Kxe8 31. Rc8+ Bd8 32. Rb8 Rf8 33. Qb6 Ke7 34. Qb7+ Kf6 35. Rc8 Be7 36. Rc7 Rd8 37. Ka2 f4 38. h4 h6 39. h5 Kf7 40. Qa7 Kf8 41. Qb7 f3 42. Rc3 Qg4 43. Rc2 Qxh5 44. Qb6 g5 45. Qg1 g4 46. Rh2 Qg6 47. Bc1 h5 0-1

[Event "Edmonton"]
[Site "Edmonton CAN"]
[Date "2004.04.09"]
[Round "1"]
[White "Haessel, Dale"]
[Black "Nguyen, Kim"]
[Result "0-1"]
[WhiteElo "2226"]
[BlackElo "2081"]
[PlyCount "90"]
[GameId "2160767911166800"]
[EventDate "2004.04.09"]
[EventType "tourn"]
[EventRounds "7"]
[EventCountry "CAN"]
[SourceTitle "EXT 2006"]
[Source "ChessBase"]
[SourceDate "2005.11.24"]
[SourceVersion "1"]
[SourceVersionDate "2005.11.24"]
[SourceQuality "1"]

1. c4 g6 2. g3 Bg7 3. Bg2 d6 4. Nc3 e5 5. e4 Nc6 6. d3 h5 7. h4 Nd4 8. Nge2 Bg4 9. Qa4+ Bd7 10. Qd1 Bg4 11. Be3 Nf3+ 12. Kf1 Qd7 13. Qa4 c6 14. Ng1 Nd4 15. Nce2 c5 16. Qxd7+ Bxd7 17. Nxd4 cxd4 18. Bd2 Ne7 19. Bh3 f5 20. Bb4 Nc8 21. exf5 Bxf5 22. Bxf5 gxf5 23. f4 Kd7 24. Re1 Re8 25. Rh2 e4 26. dxe4 fxe4 27. Rhe2 a5 28. Ba3 Nb6 29. b3 a4 30. Bb4 axb3 31. axb3 e3 32. Nf3 Re7 33. Rd1 Re4 34. Ng5 Ree8 35. Nf3 Re4 36. Rd3 Ra1+ 37. Re1 Ra2 38. Re2 Ra1+ 39. Kg2 Rb1 40. Ne1 Nxc4 41. bxc4 Rxb4 42. Rc2 Re8 43. Nf3 Kc6 44. Ra3 Rb1 45. Re2 Rc1 0-1

[Event "Edmonton"]
[Site "Edmonton CAN"]
[Date "2004.04.09"]
[Round "1"]
[White "Hughey, Micah"]
[Black "Reeve, Jeff"]
[Result "0-1"]
[WhiteElo "2013"]
[BlackElo "2392"]
[PlyCount "42"]
[GameId "2160767911166801"]
[EventDate "2004.04.09"]
[EventType "tourn"]
[EventRounds "7"]
[EventCountry "CAN"]
[SourceTitle "EXT 2006"]
[Source "ChessBase"]
[SourceDate "2005.11.24"]
[SourceVersion "1"]
[SourceVersionDate "2005.11.24"]
[SourceQuality "1"]

1. e4 c5 2. d4 cxd4 3. c3 Nf6 4. e5 Nd5 5. Qxd4 e6 6. Nf3 Nc6 7. Qe4 f5 8. exf6 Nxf6 9. Qh4 d5 10. Bd3 Bd6 11. Bg5 e5 12. Bg6+ Kd7 13. Bc2 h6 14. Bxf6 Qxf6 15. Qa4 Rf8 16. Nbd2 Kc7 17. O-O-O Bd7 18. Qb3 Be6 19. Kb1 a6 20. Rhe1 b5 21. Ka1 Na5 0-1

[Event "Edmonton"]
[Site "Edmonton CAN"]
[Date "2004.04.10"]
[Round "1"]
[White "Boik, Andrew"]
[Black "Huber, Gregory"]
[Result "1/2-1/2"]
[WhiteElo "1999"]
[BlackElo "2264"]
[PlyCount "68"]
[GameId "2160767911166802"]
[EventDate "2004.04.09"]
[EventType "tourn"]
[EventRounds "7"]
[EventCountry "CAN"]
[SourceTitle "EXT 2006"]
[Source "ChessBase"]
[SourceDate "2005.11.24"]
[SourceVersion "1"]
[SourceVersionDate "2005.11.24"]
[SourceQuality "1"]

1. e4 c5 2. Nc3 Nc6 3. Nge2 g6 4. d4 cxd4 5. Nxd4 Bg7 6. Nde2 Nf6 7. g3 O-O 8. Bg2 d6 9. O-O Bd7 10. h3 Rc8 11. Kh2 Qa5 12. Nd5 Nxd5 13. exd5 Ne5 14. a4 b5 15. Bd2 Qc7 16. axb5 Nc4 17. Bc3 Bxc3 18. bxc3 Bxb5 19. Nd4 a6 20. Re1 Nb2 21. Nxb5 axb5 22. Qb1 Qxc3 23. Ra2 Na4 24. Rxe7 Qc5 25. Qf1 Nc3 26. Rb2 Rb8 27. Qd3 b4 28. Qf3 Rb5 29. h4 Nxd5 30. Qxd5 Qxd5 31. Bxd5 Rxd5 32. Rxb4 Rd2 33. Kg2 Rxc2 34. Rd7 Rd2 1/2-1/2

[Event "Edmonton"]
[Site "Edmonton CAN"]
[Date "2004.04.09"]
[Round "2"]
[White "Gardner, Robert"]
[Black "Hughey, Micah"]
[Result "1/2-1/2"]
[WhiteElo "2260"]
[BlackElo "2013"]
[PlyCount "51"]
[GameId "2160767911166803"]
[EventDate "2004.04.09"]
[EventType "tourn"]
[EventRounds "7"]
[EventCountry "CAN"]
[SourceTitle "EXT 2006"]
[Source "ChessBase"]
[SourceDate "2005.11.24"]
[SourceVersion "1"]
[SourceVersionDate "2005.11.24"]
[SourceQuality "1"]

1. g3 d5 2. Bg2 Nf6 3. f4 c5 4. Nf3 Nc6 5. O-O g6 6. c4 dxc4 7. Qa4 Bg7 8. Ne5 Bd7 9. Qxc4 O-O 10. Nxc6 Bxc6 11. Bxc6 bxc6 12. Qxc5 Ne4 13. Qxc6 Qd4+ 14. e3 Qd3 15. Nc3 Nxd2 16. Rd1 Bxc3 17. bxc3 Qxe3+ 18. Kh1 Qe4+ 19. Qxe4 Nxe4 20. Rd7 Rfd8 21. Rxd8+ Rxd8 22. Be3 Nxc3 23. Bxa7 Ra8 24. Bc5 Rxa2 25. Rxa2 Nxa2 26. Bxe7 1/2-1/2

[Event "Edmonton"]
[Site "Edmonton CAN"]
[Date "2004.04.09"]
[Round "2"]
[White "Huber, Gregory"]
[Black "Haessel, Dale"]
[Result "1-0"]
[WhiteElo "2264"]
[BlackElo "2226"]
[PlyCount "183"]
[GameId "2160767911166804"]
[EventDate "2004.04.09"]
[EventType "tourn"]
[EventRounds "7"]
[EventCountry "CAN"]
[SourceTitle "EXT 2006"]
[Source "ChessBase"]
[SourceDate "2005.11.24"]
[SourceVersion "1"]
[SourceVersionDate "2005.11.24"]
[SourceQuality "1"]

1. d4 Nf6 2. Bg5 g6 3. Bxf6 exf6 4. c4 f5 5. Nc3 Bg7 6. e3 O-O 7. g3 d6 8. Bg2 Nd7 9. Nge2 c6 10. O-O Nf6 11. b4 Be6 12. Qd3 d5 13. c5 b6 14. a4 a5 15. cxb6 axb4 16. b7 Ra7 17. Rfb1 Qa5 18. Nc1 Nd7 19. Nb3 Qc7 20. Ne2 Qxb7 21. a5 c5 22. dxc5 Bxa1 23. Rxa1 Rc8 24. Qd4 Nb8 25. h4 Nc6 26. Qf6 Rca8 27. h5 Qe7 28. Qxe7 Rxe7 29. Ned4 Nxd4 30. exd4 Kf8 31. Ra4 Rb7 32. h6 g5 33. f4 gxf4 34. gxf4 Ke7 35. Kf2 Kd7 36. Bf1 Kc7 37. Ra1 Rg8 38. a6 Ra7 39. Ra4 Rg6 40. Rxb4 Rxh6 41. Rb6 Rg6 42. Rd6 Bc8 43. Rxd5 Rg4 44. Rd6 Rxf4+ 45. Kg1 Rg4+ 46. Kf2 Rg6 47. Rxg6 fxg6 48. d5 Bxa6 49. Bg2 Bc4 50. Nd2 Ra2 51. Ke1 Bd3 52. d6+ Kd7 53. Bd5 Ra5 54. Nb3 Rb5 55. Kd2 Be4 56. Bc4 Rb8 57. Nd4 h5 58. Be6+ Ke8 59. c6 Rb2+ 60. Ke3 Rc2 61. c7 Rc3+ 62. Kf4 Rxc7 63. dxc7 Bb7 64. c8=Q+ Bxc8 65. Bxc8 g5+ 66. Kxg5 f4 67. Kxf4 h4 68. Kg4 h3 69. Kxh3 Kd8 70. Be6 Ke7 71. Kg4 Kd6 72. Kf5 Kc5 73. Ke5 Kb4 74. Ne2 Kc5 75. Bd5 Kb4 76. Kd4 Ka3 77. Kc4 Kb2 78. Nd4 Ka1 79. Kc3 Kb1 80. Nc2 Kc1 81. Ba2 Kd1 82. Nd4 Ke1 83. Kd3 Kf2 84. Ne2 Kf3 85. Be6 Kf2 86. Bd5 Ke1 87. Ke3 Kd1 88. Bb3+ Ke1 89. Bc2 Kf1 90. Nf4 Kg1 91. Bd3 Kh2 92. Kf3 1-0

[Event "Edmonton"]
[Site "Edmonton CAN"]
[Date "2004.04.09"]
[Round "2"]
[White "Nguyen, Kim"]
[Black "Grumic, Sasha"]
[Result "0-1"]
[WhiteElo "2081"]
[BlackElo "2180"]
[PlyCount "48"]
[GameId "2160767911166805"]
[EventDate "2004.04.09"]
[EventType "tourn"]
[EventRounds "7"]
[EventCountry "CAN"]
[SourceTitle "EXT 2006"]
[Source "ChessBase"]
[SourceDate "2005.11.24"]
[SourceVersion "1"]
[SourceVersionDate "2005.11.24"]
[SourceQuality "1"]

1. e4 g6 2. d4 Bg7 3. Nc3 c5 4. Nf3 cxd4 5. Nxd4 Nc6 6. Be3 Nf6 7. Be2 O-O 8. f4 d6 9. Nb3 a5 10. a4 Be6 11. O-O Rc8 12. Kh1 Nb4 13. Nd4 Bc4 14. Bd3 Nd7 15. Bxc4 Rxc4 16. Rf2 Nc5 17. Rd2 Qc8 18. Nd5 Nxd5 19. exd5 Rxa4 20. Rxa4 Nxa4 21. Qa1 Nb6 22. Qxa5 Nc4 23. Qc3 Nxd2 24. Qxd2 Qc4 0-1

[Event "Edmonton"]
[Site "Edmonton CAN"]
[Date "2004.04.10"]
[Round "2"]
[White "Boik, Andrew"]
[Black "Reeve, Jeff"]
[Result "1-0"]
[WhiteElo "1999"]
[BlackElo "2392"]
[PlyCount "74"]
[GameId "2160767911166806"]
[EventDate "2004.04.09"]
[EventType "tourn"]
[EventRounds "7"]
[EventCountry "CAN"]
[SourceTitle "EXT 2006"]
[Source "ChessBase"]
[SourceDate "2005.11.24"]
[SourceVersion "1"]
[SourceVersionDate "2005.11.24"]
[SourceQuality "1"]

1. e4 c5 2. Nf3 Nc6 3. d4 cxd4 4. Nxd4 Nf6 5. Nc3 e5 6. Ndb5 d6 7. Bg5 a6 8. Na3 b5 9. Nd5 Be7 10. Bxf6 Bxf6 11. c3 O-O 12. Nc2 Bg5 13. h4 Bh6 14. g4 Bf4 15. Qf3 Bb7 16. Nxf4 Qf6 17. g5 Qxf4 18. Qxf4 exf4 19. Bg2 Ne5 20. Ke2 d5 21. f3 dxe4 22. fxe4 f5 23. gxf6 f3+ 24. Bxf3 Nxf3 25. Kxf3 Rxf6+ 26. Ke3 Re8 27. Rh2 Rxe4+ 28. Kd2 Ref4 29. Re1 Bd5 30. Nb4 Bc4 31. b3 Bf7 32. Nd3 Rd6 33. Ke3 Rg4 34. Rh3 Rg2 35. Ra1 Be6 36. Rf3 Bg4 37. Rc1 Re6+ 1-0

[Event "Edmonton"]
[Site "Edmonton CAN"]
[Date "2004.04.10"]
[Round "3"]
[White "Grumic, Sasha"]
[Black "Huber, Gregory"]
[Result "0-1"]
[WhiteElo "2180"]
[BlackElo "2264"]
[PlyCount "62"]
[GameId "2160767911166807"]
[EventDate "2004.04.09"]
[EventType "tourn"]
[EventRounds "7"]
[EventCountry "CAN"]
[SourceTitle "EXT 2006"]
[Source "ChessBase"]
[SourceDate "2005.11.24"]
[SourceVersion "1"]
[SourceVersionDate "2005.11.24"]
[SourceQuality "1"]

1. Nf3 c5 2. g3 Nc6 3. Bg2 g6 4. c4 Bg7 5. Nc3 e5 6. a3 Nge7 7. b4 d6 8. O-O O-O 9. Rb1 f5 10. Ne1 Rb8 11. Nc2 Nd4 12. d3 b6 13. Ne3 f4 14. Ned5 Nxd5 15. Nxd5 Bg4 16. f3 Be6 17. e4 fxe3 18. Bxe3 Qd7 19. Bxd4 cxd4 20. f4 Kh8 21. b5 Bxd5 22. Bxd5 exf4 23. g4 Qe7 24. Re1 Qg5 25. Qf3 h5 26. h3 Rbe8 27. Re4 Be5 28. Rb2 hxg4 29. hxg4 Kg7 30. Rh2 Rh8 31. Ree2 Rh4 0-1

[Event "Edmonton"]
[Site "Edmonton CAN"]
[Date "2004.04.10"]
[Round "3"]
[White "Hughey, Micah"]
[Black "Nguyen, Kim"]
[Result "1/2-1/2"]
[WhiteElo "2013"]
[BlackElo "2081"]
[PlyCount "68"]
[GameId "2160767911166808"]
[EventDate "2004.04.09"]
[EventType "tourn"]
[EventRounds "7"]
[EventCountry "CAN"]
[SourceTitle "EXT 2006"]
[Source "ChessBase"]
[SourceDate "2005.11.24"]
[SourceVersion "1"]
[SourceVersionDate "2005.11.24"]
[SourceQuality "1"]

1. e4 c5 2. c3 Nf6 3. e5 Nd5 4. d4 cxd4 5. Qxd4 e6 6. Nf3 Nc6 7. Qe4 f5 8. exf6 Nxf6 9. Qh4 d5 10. Bd3 Bd6 11. Bg5 e5 12. Bg6+ Ke7 13. Bc2 h6 14. Bxf6+ gxf6 15. Nbd2 Qg8 16. Bb3 Be6 17. O-O-O Na5 18. Bc2 Qg4 19. Nb3 Qxh4 20. Nxh4 Nxb3+ 21. Bxb3 Rhd8 22. Bxd5 Bc5 23. Bxe6 Kxe6 24. Rhf1 b5 25. g4 h5 26. h3 Rxd1+ 27. Kxd1 Rh8 28. Nf5 hxg4 29. hxg4 Rh2 30. Ke2 e4 31. Ne3 Ke5 32. Rd1 Kf4 33. Nd5+ Ke5 34. Ne3 Kf4 1/2-1/2

[Event "Edmonton"]
[Site "Edmonton CAN"]
[Date "2004.04.10"]
[Round "3"]
[White "Reeve, Jeff"]
[Black "Gardner, Robert"]
[Result "1-0"]
[WhiteElo "2392"]
[BlackElo "2260"]
[PlyCount "71"]
[GameId "2160767911166809"]
[EventDate "2004.04.09"]
[EventType "tourn"]
[EventRounds "7"]
[EventCountry "CAN"]
[SourceTitle "EXT 2006"]
[Source "ChessBase"]
[SourceDate "2005.11.24"]
[SourceVersion "1"]
[SourceVersionDate "2005.11.24"]
[SourceQuality "1"]

1. e4 d6 2. d4 Nf6 3. Nc3 g6 4. f4 Bg7 5. Nf3 c5 6. Bb5+ Bd7 7. Bxd7+ Nfxd7 8. d5 b5 9. Qe2 Qa5 10. O-O b4 11. Nd1 Qa6 12. Qe1 Qc4 13. c3 bxc3 14. bxc3 O-O 15. Qe3 Na6 16. Nd2 Qa4 17. Nb3 Nf6 18. Re1 Nc7 19. Nb2 Qa6 20. c4 Rab8 21. Qd3 Nd7 22. Re2 Rb4 23. e5 Rfb8 24. Nd2 Rxb2 25. Bxb2 Rxb2 26. Rae1 dxe5 27. fxe5 Qxa2 28. d6 Nxe5 29. dxc7 Nxd3 30. c8=Q+ Bf8 31. Rd1 Qa4 32. Rf1 e5 33. Qd8 e4 34. Qd5 Nf4 35. Rxf4 Qd1+ 36. Rf1 1-0

[Event "Edmonton"]
[Site "Edmonton CAN"]
[Date "2004.04.11"]
[Round "3"]
[White "Haessel, Dale"]
[Black "Boik, Andrew"]
[Result "1-0"]
[WhiteElo "2226"]
[BlackElo "1999"]
[PlyCount "65"]
[GameId "2160767911166810"]
[EventDate "2004.04.09"]
[EventType "tourn"]
[EventRounds "7"]
[EventCountry "CAN"]
[SourceTitle "EXT 2006"]
[Source "ChessBase"]
[SourceDate "2005.11.24"]
[SourceVersion "1"]
[SourceVersionDate "2005.11.24"]
[SourceQuality "1"]

1. c4 e5 2. g3 d6 3. Bg2 g6 4. Nc3 Bg7 5. e4 Nc6 6. d3 Nge7 7. Nge2 Nd4 8. Nxd4 exd4 9. Ne2 O-O 10. b4 c5 11. Rb1 b6 12. O-O Bb7 13. g4 f5 14. gxf5 gxf5 15. Nf4 Qd7 16. Bh3 Rf6 17. bxc5 dxc5 18. Nd5 Bxd5 19. cxd5 Qd6 20. f4 Rg6+ 21. Kh1 fxe4 22. dxe4 c4 23. f5 Rf6 24. Bf4 Qc5 25. Rg1 Kh8 26. Be5 d3 27. Rxg7 Kxg7 28. Qg4+ Kf7 29. Qh5+ Kf8 30. Bxf6 d2 31. Rg1 Qxg1+ 32. Kxg1 c3 33. Bxc3 1-0

[Event "Edmonton"]
[Site "Edmonton CAN"]
[Date "2004.04.10"]
[Round "4"]
[White "Boik, Andrew"]
[Black "Gardner, Robert"]
[Result "0-1"]
[WhiteElo "1999"]
[BlackElo "2260"]
[PlyCount "82"]
[GameId "2160767911166811"]
[EventDate "2004.04.09"]
[EventType "tourn"]
[EventRounds "7"]
[EventCountry "CAN"]
[SourceTitle "EXT 2006"]
[Source "ChessBase"]
[SourceDate "2005.11.24"]
[SourceVersion "1"]
[SourceVersionDate "2005.11.24"]
[SourceQuality "1"]

1. e4 g6 2. d4 Bg7 3. Nc3 d6 4. Be3 Nd7 5. Qd2 a6 6. f3 b5 7. g4 Bb7 8. h4 c5 9. h5 Qb6 10. Nge2 O-O-O 11. h6 Bf8 12. Nf4 e6 13. d5 e5 14. Nd3 f6 15. b4 Qc7 16. a4 Nb6 17. axb5 Nc4 18. Qf2 Nxe3 19. Qxe3 Bxh6 20. Rxh6 Nxh6 21. bxa6 Ba8 22. Qxh6 cxb4 23. Nb5 Qb6 24. Nxb4 Rd7 25. Ra3 Kb8 26. Qd2 h5 27. a7+ Kc8 28. Nc6 hxg4 29. Rc3 Rdh7 30. Nxd6+ Kd7 31. Nc4 Qb1+ 32. Qd1 Qxd1+ 33. Kxd1 Rh1 34. Nb6+ Kd6 35. Nxa8 Rxf1+ 36. Kd2 g3 37. Nb6 g2 38. Nb8 g1=Q 39. Rc6+ Ke7 40. Rc7+ Ke8 41. N8d7 Qd4+ 0-1